Online
Catalog

Capacidad de la República Dominicana para absorber refugiados. (Record no. 15343)

MARC details
000 -CABECERA
campo de control de longitud fija 00624nam a2200157 a 4500
001 - NÚMERO DE CONTROL
campo de control 000015797
005 - FECHA Y HORA DE LA ÚLTIMA TRANSACCIÓN
campo de control 20200929164144.0
008 - DATOS DE LONGITUD FIJA--INFORMACIÓN GENERAL
campo de control de longitud fija 100218s1946 dr ad 001 0 spa d
040 ## - FUENTE DE LA CATALOGACIÓN
Centro catalogador/agencia de origen DO-SdBNP
Lengua de catalogación spa
Centro/agencia transcriptor BNPHU
041 17 - CÓDIGO DE LENGUA
Código de lengua del texto/banda sonora o título independiente spa
Código de lengua original eng
-- fre
049 ## - FONDOS LOCALES (OCLC)
Fondos de biblioteca BNPD
110 1# - ENTRADA PRINCIPAL--NOMBRE DE ENTIDAD CORPORATIVA
Nombre de entidad corporativa o nombre de jurisdicción como elemento de entrada República Dominicana.
Unidad subordinada Comisión para el estudio del informe de la Brookings institution sobre "La colonización de refugiados en la República dominicana,"
9 (RLIN) 35556
245 10 - MENCIÓN DE TÍTULO
Título Capacidad de la República Dominicana para absorber refugiados.
260 ## - PUBLICACIÓN, DISTRIBUCIÓN, ETC.
Lugar de publicación, distribución, etc. Ciudad Trujillo, República Dominicana :
Nombre del editor, distribuidor, etc. Editora Montalvo,
Fecha de publicación, distribución, etc. 1946.
300 ## - DESCRIPCIÓN FÍSICA
Extensión 120 p. ;
Dimensiones 24 cm.
Holdings
Estado de retiro Estado de pérdida Restricciones de uso No para préstamo Código de colección Localización permanente Ubicación/localización actual Ubicación en estantería Fecha de adquisición Número de inventario Total de préstamos Signatura topográfica completa Código de barras Fecha visto por última vez Número de copia Precio válido a partir de Tipo de ítem Koha Nota pública
        Raros y valiosos General General En catalogación 13.10.2010 LF1   15797-30 25.06.2020 e. 3 25.06.2020 Préstamo en sala  
        Raros y valiosos General General En catalogación 22.03.2011 LF1   15797-40 25.06.2020 e. 4 25.06.2020 Préstamo en sala  
        Raros y valiosos General General En catalogación 11.10.2011 LF1   15797-70 25.06.2020 e. 5 25.06.2020 Préstamo en sala  
      Excluido de préstamo Raros y valiosos Patrimonio Dominicano Patrimonio Dominicano Depósito 18.02.2010 LF1   15797-10 25.06.2020   25.06.2020 No se presta Perteneció a la biblitoeca personal de Germán Emilio Ornes.
      Excluido de préstamo Raros y valiosos Patrimonio Dominicano Patrimonio Dominicano En catalogación 13.10.2010 LF1   15797-20 25.06.2020 e. 2 25.06.2020 No se presta  

Powered by Koha